Samo Bohdan Hroboň - romantik a mesianista

Bibliographic Details
Main Author: Hleba, Edmund, 1926-2011 (Author)
Format: Article
Language:Slovak
ISBN:807090528X
Subjects:

MARC

LEADER 00000nab a2200000 a 4500
001 vtls000812617
003 SK-MaSNL
005 20260305020931.0
008 150420c1999 xo 0 slo
015 |a SNBRA2002/11-35148 
035 |a CLN000164272 
040 |a SNKBUCL  |b slo  |c SNKBUCL  |e AACR2 
041 0 |a slo 
044 |a xo  |c SK 
080 |a 82:929:885.4  |2 1997 
080 |a 885.4:929  |2 1997 
080 |a 929 Hroboň, Samo Bohdan  |2 1997 
100 1 |a Hleba, Edmund,  |d 1926-2011  |4 aut  |9 169917 
245 1 0 |a Samo Bohdan Hroboň - romantik a mesianista  |c Edmund Hleba 
600 1 7 |a Hroboň, Samo Bohdan,  |d 1820-1894  |2 snkbucl  |9 258611 
655 7 |a články zo zborníkov  |2 snkbucl  |9 166140 
773 0 |t Literárny archív 34/97  |d Martin : Matica slovenská, 1999  |g S. 20-54  |z 807090528X 
850 |a Slovenská národná knižnica v Martine 
852 |a SNK  |b KIS3GCP 
958 |a LX 
958 |a SK 
958 |a BX 
999 |c 3283052  |d 3284982